00804nam a2200193 a 450000100100000000500170001000800410002704000250006808200150009310000280010824500490013626000380018530000210022304900090024495201140025395201130036795201130048099900170059300003403920200930070725.0110921s1982 dr 000 0 spa d aDO-SdBNPbspacBNPHU axxxxbA7951 aArvelo, Álvaro92779910aComentarios de cine /cÁlvaro Arvelo hijo. aSanto Domingo :bCorripio,c1982. a163 p. ;c21 cm. aBNPD 00107-18PDaGRbGRcOId2019-06-26iLF1l0oxxxx A795p34039-30r2020-06-25w2020-06-25yLFPDZNo se presta 0010718PDaPDbPDcCTd2011-09-21iLF1l0oxxxx A795p34039-10r2020-06-25w2020-06-25yLFPDZNo se presta 0010718PDaPDbPDcCTd2011-09-21iLF1l0oxxxx A795p34039-20r2020-06-25w2020-06-25yLFPDZNo se presta c33530d33530